| 000 | 01396cam a22002415a 4500 | ||
|---|---|---|---|
| 001 | L138141 | ||
| 008 | 070518e2005 xxk f 100 0 eng d | ||
| 035 | _a(Sirsi) u138141 | ||
| 041 | 0 | _aeng | |
| 100 | 1 | _aHardie, M. | |
| 245 | 0 | 4 |
_aThe quantity surveyor's role in innovation generation, adoption and diffusion in the Australian construction industry _h[electronic resource] |
| 260 | _c2005 | ||
| 490 | 0 |
_aCOBRA _v2005 |
|
| 520 | _aReports the results of a survey on technological and organisational innovations in the Australian construction industry. Uses the survey information to test the perception that there is a dichotomy between the self perceptions of quantity surveyors and the way that other stakeholders in the industry view the profession. A comparison is made of the survey responses given by quantity surveyors with those of the construction industry generally, as well as with an identified group of high innovators in the industry. | ||
| 651 | 4 | _aAUSTRALIA | |
| 690 | _aBUILT ENVIRONMENT-QUANTITY SURVEYING-QUANTITY SURVEYORS | ||
| 700 | 1 | _aMiller, G. | |
| 700 | 1 | _aManley, K. | |
| 700 | 1 | _aMcFallan, S. | |
| 711 | 2 |
_aConstruction and Building Research Conference _cUniversity of Queensland, Brisbane _d4-5 July 2005 |
|
| 856 | 4 | 0 |
_uhttps://www.rics.org/site/scripts/download_info.aspx?downloadID=2558 _zView the item free of charge at www.aaa.bb.cc... |
| 942 | _n0 | ||
| 999 |
_c107022 _d107022 |
||